[Event "DEM U12w 2022"]
[Site "Willingen GER"]
[Date "2022.06.08"]
[Round "6"]
[White "Halas, Neele Zoe"]
[Black "Yamshchikova, Alisa"]
[Result "1-0"]
[Termination "normal"]
[Board "11"]
[WhiteElo "1415"]
[BlackElo "1216"]
[WhiteClock "00:24:20"]
[BlackClock "00:31:02"]
[PlyCount "83"]
[WhiteFideId "16287282"]
[BlackFideId "34135790"]
[EventCountry "GER"]
[EventRounds "9"]
[EventType "swiss"]
[EventDate "2022.06.04"]

1. e4 {[%clk 01:30:59]} {[%emt 00:00:01]} c5 {[%clk 01:30:56]} {[%emt
00:00:05]} 2. Nf3 {[%clk 01:31:17]} {[%emt 00:00:11]} Nc6 {[%clk 01:31:20]}
{[%emt 00:00:06]} 3. d4 {[%clk 01:31:41]} {[%emt 00:00:06]} cxd4 {[%clk
01:31:46]} {[%emt 00:00:04]} 4. Nxd4 {[%clk 01:32:06]} {[%emt 00:00:05]} Nf6
{[%clk 01:32:11]} {[%emt 00:00:05]} 5. Nc3 {[%clk 01:32:28]} {[%emt 00:00:07]}
e5 {[%clk 01:32:36]} {[%emt 00:00:06]} 6. Ndb5 {[%clk 01:32:43]} {[%emt
00:00:15]} d6 {[%clk 01:32:58]} {[%emt 00:00:08]} 7. Nd5 {[%clk 01:32:41]}
{[%emt 00:00:32]} Nxd5 {[%clk 01:33:23]} {[%emt 00:00:05]} 8. exd5 {[%clk
01:33:01]} {[%emt 00:00:11]} Nb8 {[%clk 01:33:48]} {[%emt 00:00:04]} 9. c4
{[%clk 01:33:10]} {[%emt 00:00:20]} Be7 {[%clk 01:29:55]} {[%emt 00:04:23]} 10.
Be2 {[%clk 01:33:01]} {[%emt 00:00:39]} O-O {[%clk 01:30:18]} {[%emt 00:00:08]}
11. O-O {[%clk 01:33:15]} {[%emt 00:00:16]} f5 {[%clk 01:28:59]} {[%emt
00:01:49]} 12. f4 {[%clk 01:30:25]} {[%emt 00:03:19]} a6 {[%clk 01:26:42]}
{[%emt 00:02:48]} 13. Nc3 {[%clk 01:30:03]} {[%emt 00:00:51]} e4 {[%clk
01:26:48]} {[%emt 00:00:25]} 14. Be3 {[%clk 01:29:22]} {[%emt 00:01:10]} Nd7
{[%clk 01:24:25]} {[%emt 00:02:54]} 15. Qc2 {[%clk 01:23:27]} {[%emt 00:06:24]}
Rf7 {[%clk 01:08:22]} {[%emt 00:16:33]} 16. Rfd1 {[%clk 01:12:23]} {[%emt
00:11:35]} g5 {[%clk 01:05:12]} {[%emt 00:03:40]} 17. b4 {[%clk 00:53:29]}
{[%emt 00:19:23]} gxf4 {[%clk 00:58:41]} {[%emt 00:07:01]} 18. Bxf4 {[%clk
00:53:10]} {[%emt 00:00:49]} Qb6+ {[%clk 00:58:23]} {[%emt 00:00:48]} 19. Kh1
{[%clk 00:51:58]} {[%emt 00:01:43]} Qxb4 {[%clk 00:56:42]} {[%emt 00:02:10]}
20. Rab1 {[%clk 00:45:05]} {[%emt 00:07:24]} Qc5 {[%clk 00:54:13]} {[%emt
00:02:58]} 21. Bh5 {[%clk 00:41:59]} {[%emt 00:03:33]} Rf8 {[%clk 00:39:31]}
{[%emt 00:15:16]} 22. Bh6 {[%clk 00:41:47]} {[%emt 00:00:40]} Qxc4 {[%clk
00:33:15]} {[%emt 00:06:47]} 23. Bxf8 {[%clk 00:40:17]} {[%emt 00:02:00]} Kxf8
{[%clk 00:33:22]} {[%emt 00:00:24]} 24. Be2 {[%clk 00:39:27]} {[%emt 00:01:18]}
Qc5 {[%clk 00:31:34]} {[%emt 00:02:20]} 25. Qd2 {[%clk 00:37:53]} {[%emt
00:02:04]} e3 {[%clk 00:30:04]} {[%emt 00:01:59]} 26. Qe1 {[%clk 00:32:21]}
{[%emt 00:06:00]} b5 {[%clk 00:21:29]} {[%emt 00:09:08]} 27. Rbc1 {[%clk
00:24:17]} {[%emt 00:08:33]} Qb4 {[%clk 00:16:45]} {[%emt 00:05:14]} 28. Qg3
{[%clk 00:17:02]} {[%emt 00:07:41]} f4 {[%clk 00:16:23]} {[%emt 00:00:57]} 29.
Rf1 {[%clk 00:17:12]} {[%emt 00:00:19]} Bf6 {[%clk 00:12:16]} {[%emt 00:04:38]}
30. Rxf4 {[%clk 00:03:47]} {[%emt 00:13:55]} Qc5 {[%clk 00:11:55]} {[%emt
00:00:51]} 31. Rff1 {[%clk 00:02:07]} {[%emt 00:02:09]} Qd4 {[%clk 00:02:31]}
{[%emt 00:09:54]} 32. Qxd6+ {[%clk 00:01:56]} {[%emt 00:00:41]} Kf7 {[%clk
00:02:17]} {[%emt 00:00:44]} 33. Bh5+ {[%clk 00:01:19]} {[%emt 00:01:07]} Kg7
{[%clk 00:02:27]} {[%emt 00:00:18]} 34. Qg3+ {[%clk 00:01:31]} {[%emt
00:00:19]} Kf8 {[%clk 00:02:44]} {[%emt 00:00:14]} 35. Ne2 {[%clk 00:00:37]}
{[%emt 00:01:25]} Qxd5 {[%clk 00:02:48]} {[%emt 00:00:26]} 36. Bf3 {[%clk
00:00:41]} {[%emt 00:00:26]} Qxa2 {[%clk 00:03:01]} {[%emt 00:00:16]} 37. Qd6+
{[%clk 00:30:00]} {[%emt 00:00:41]} Kg7 {[%clk 00:33:04]} {[%emt 00:00:31]} 38.
Bxa8 {[%clk 00:30:49]} {[%emt 00:00:08]} Qxe2 {[%clk 00:33:06]} {[%emt
00:00:27]} 39. Qg3+ {[%clk 00:31:03]} {[%emt 00:00:14]} Kf7 {[%clk 00:33:19]}
{[%emt 00:00:19]} 40. Bf3 {[%clk 00:31:14]} {[%emt 00:00:17]} Qd2 {[%clk
00:33:17]} {[%emt 00:00:34]} 41. Rxc8 {[%clk 00:26:32]} {[%emt 00:05:13]} b4
{[%clk 00:31:02]} {[%emt 00:02:45]} 42. Rd1 {[%clk 00:24:20]} {[%emt 00:02:34]}
1-0

[Event "DEM U12w 2022"]
[Site "Willingen GER"]
[Date "2022.06.08"]
[Round "6"]
[White "Schwarzfischer, Julia"]
[Black "Kopylov, Diana"]
[Result "1-0"]
[Termination "normal"]
[Board "12"]
[WhiteElo "1368"]
[BlackElo "1110"]
[WhiteClock "01:50:05"]
[BlackClock "00:30:23"]
[PlyCount "87"]
[WhiteFideId "16268105"]
[BlackFideId "16268865"]
[EventCountry "GER"]
[EventRounds "9"]
[EventType "swiss"]
[EventDate "2022.06.04"]

1. e4 {[%clk 01:31:00]} {[%emt 00:07:14]} c5 {[%clk 01:30:53]} {[%emt
00:00:08]} 2. g3 {[%clk 01:31:23]} {[%emt 00:00:06]} d5 {[%clk 01:31:15]}
{[%emt 00:00:08]} 3. e5 {[%clk 01:31:43]} {[%emt 00:00:10]} Nc6 {[%clk
01:30:47]} {[%emt 00:00:57]} 4. f4 {[%clk 01:31:57]} {[%emt 00:00:17]} Bf5
{[%clk 01:21:54]} {[%emt 00:09:23]} 5. d3 {[%clk 01:31:57]} {[%emt 00:00:30]}
f6 {[%clk 01:13:32]} {[%emt 00:08:50]} 6. g4 {[%clk 01:32:03]} {[%emt
00:00:25]} Bd7 {[%clk 01:12:36]} {[%emt 00:01:27]} 7. exf6 {[%clk 01:31:35]}
{[%emt 00:00:58]} exf6 {[%clk 01:11:04]} {[%emt 00:02:01]} 8. Bg2 {[%clk
01:31:09]} {[%emt 00:00:56]} d4 {[%clk 01:09:04]} {[%emt 00:02:30]} 9. Nd2
{[%clk 01:30:27]} {[%emt 00:01:13]} Bd6 {[%clk 01:07:04]} {[%emt 00:02:29]} 10.
Ne4 {[%clk 01:30:22]} {[%emt 00:00:36]} Qc7 {[%clk 01:04:55]} {[%emt 00:02:38]}
11. Qe2 {[%clk 01:30:21]} {[%emt 00:00:31]} Nge7 {[%clk 01:03:02]} {[%emt
00:02:23]} 12. h3 {[%clk 01:29:26]} {[%emt 00:01:25]} O-O-O {[%clk 00:58:17]}
{[%emt 00:05:15]} 13. Bd2 {[%clk 01:29:07]} {[%emt 00:00:50]} Rde8 {[%clk
00:57:37]} {[%emt 00:01:09]} 14. Qf3 {[%clk 01:28:25]} {[%emt 00:01:12]} f5
{[%clk 00:55:29]} {[%emt 00:02:38]} 15. Nxd6+ {[%clk 01:28:45]} {[%emt
00:00:11]} Qxd6 {[%clk 00:55:39]} {[%emt 00:00:20]} 16. O-O-O {[%clk 01:29:02]}
{[%emt 00:00:14]} Rhf8 {[%clk 00:49:17]} {[%emt 00:06:50]} 17. Ne2 {[%clk
01:28:31]} {[%emt 00:01:02]} fxg4 {[%clk 00:47:32]} {[%emt 00:02:14]} 18. hxg4
{[%clk 01:28:50]} {[%emt 00:00:12]} h6 {[%clk 00:45:33]} {[%emt 00:02:29]} 19.
f5 {[%clk 01:28:02]} {[%emt 00:01:19]} g5 {[%clk 00:40:32]} {[%emt 00:05:29]}
20. Rde1 {[%clk 01:25:56]} {[%emt 00:02:37]} Rf6 {[%clk 00:36:26]} {[%emt
00:04:36]} 21. Ng3 {[%clk 01:26:01]} {[%emt 00:00:25]} Qc7 {[%clk 00:22:28]}
{[%emt 00:14:27]} 22. Ne4 {[%clk 01:25:58]} {[%emt 00:00:33]} Ne5 {[%clk
00:20:49]} {[%emt 00:02:09]} 23. Qg3 {[%clk 01:25:35]} {[%emt 00:00:54]} Ra6
{[%clk 00:19:08]} {[%emt 00:02:07]} 24. a3 {[%clk 01:25:45]} {[%emt 00:00:24]}
Bb5 {[%clk 00:12:39]} {[%emt 00:06:59]} 25. Nxc5 {[%clk 01:24:46]} {[%emt
00:01:28]} Nxd3+ {[%clk 00:11:09]} {[%emt 00:02:00]} 26. Kb1 {[%clk 01:23:14]}
{[%emt 00:02:03]} Qxg3 {[%clk 00:10:49]} {[%emt 00:00:49]} 27. Bxb7+ {[%clk
01:23:34]} {[%emt 00:00:11]} Kb8 {[%clk 00:08:34]} {[%emt 00:02:45]} 28. cxd3
{[%clk 01:23:31]} {[%emt 00:00:33]} Bxd3+ {[%clk 00:07:59]} {[%emt 00:01:05]}
29. Ka1 {[%clk 01:23:02]} {[%emt 00:00:58]} Rb6 {[%clk 00:06:08]} {[%emt
00:02:22]} 30. f6 {[%clk 01:21:30]} {[%emt 00:02:02]} Rxb7 {[%clk 00:05:16]}
{[%emt 00:01:21]} 31. Nxb7 {[%clk 01:21:42]} {[%emt 00:00:19]} Qc7 {[%clk
00:04:24]} {[%emt 00:01:22]} 32. Na5 {[%clk 01:20:37]} {[%emt 00:01:35]} Bg6
{[%clk 00:03:51]} {[%emt 00:01:02]} 33. Rxh6 {[%clk 01:20:52]} {[%emt
00:00:15]} Bf7 {[%clk 00:03:05]} {[%emt 00:01:16]} 34. Rh7 {[%clk 01:20:41]}
{[%emt 00:00:42]} Qd8 {[%clk 00:00:46]} {[%emt 00:02:49]} 35. Rxf7 {[%clk
01:20:15]} {[%emt 00:00:56]} Ka8 {[%clk 00:00:45]} {[%emt 00:00:32]} 36. fxe7
{[%emt 00:01:50]} Qd6 {[%clk 00:00:51]} 37. Bb4 {[%clk 01:19:11]} {[%emt
00:00:38]} Qd7 {[%clk 00:00:47]} {[%emt 00:00:33]} 38. Rf8 {[%clk 01:19:13]}
{[%emt 00:00:28]} d3 {[%clk 00:00:57]} {[%emt 00:00:20]} 39. Ref1 {[%clk
01:19:12]} {[%emt 00:00:30]} Kb8 {[%clk 00:00:50]} {[%emt 00:00:38]} 40. Rxe8+
{[%clk 01:19:38]} {[%emt 00:00:04]} Kc7 {[%clk 00:00:45]} {[%emt 00:00:35]} 41.
Rc1+ {[%clk 01:19:56]} {[%emt 00:00:12]} Kb6 {[%clk 00:00:55]} {[%emt
00:00:19]} 42. Rb8+ {[%clk 01:20:04]} {[%emt 00:00:22]} Ka6 {[%clk 00:01:04]}
{[%emt 00:00:22]} 43. e8=Q {[%emt 00:00:50]} d2 {[%clk 00:30:23]} {[%emt
00:01:10]} 44. Rc6+ {[%clk 01:50:05]} {[%emt 00:00:10]} 1-0

[Event "DEM U12w 2022"]
[Site "Willingen GER"]
[Date "2022.06.08"]
[Round "6"]
[White "Rafikova, Ailin"]
[Black "Will, Elina"]
[Result "1/2-1/2"]
[Termination "normal"]
[Board "13"]
[WhiteElo "1273"]
[BlackElo "1333"]
[PlyCount "62"]
[WhiteFideId "34612173"]
[BlackFideId "34623434"]
[EventCountry "GER"]
[EventRounds "9"]
[EventType "swiss"]
[EventDate "2022.06.04"]

1. e4 d5 2. exd5 Qxd5 3. Nc3 Qd6 4. d4 a6 5. Be2 Nc6 6. Nf3 Bg4 7. Be3 Nf6 8.
O-O g6 9. h3 Be6 10. a3 Bg7 11. Na4 O-O 12. c4 Bf5 13. Nc3 Ne4 14. Nxe4 Bxe4
15. d5 Bxf3 16. Bxf3 Ne5 17. Be2 e6 18. dxe6 Qxe6 19. Qc2 Rad8 20. Rad1 b6 21.
c5 b5 22. b4 c6 23. a4 Nc4 24. Bc1 f5 25. Rfe1 Kh8 26. axb5 axb5 27. Bf3 Qf6
28. Bf4 Qc3 29. Qb1 Na3 30. Qc1 Qxb4 31. Bxc6 Rc8 1/2-1/2

[Event "DEM U12w 2022"]
[Site "Willingen GER"]
[Date "2022.06.08"]
[Round "6"]
[White "Hoffmann, Svenja"]
[Black "Wolf, Anna"]
[Result "1-0"]
[Termination "normal"]
[Board "14"]
[WhiteElo "1284"]
[BlackElo "1218"]
[PlyCount "129"]
[WhiteFideId "16287312"]
[BlackFideId "34616993"]
[EventCountry "GER"]
[EventRounds "9"]
[EventType "swiss"]
[EventDate "2022.06.04"]

1. e4 e5 2. Nf3 Nc6 3. Bc4 Bc5 4. c3 Nf6 5. d4 exd4 6. e5 d5 7. Bb5 Ne4 8. cxd4
Bb6 9. Nc3 Nxc3 10. bxc3 Bg4 11. h3 Bh5 12. Be2 Ba5 13. Bb2 O-O 14. O-O b5 15.
Nh2 Bxe2 16. Qxe2 Re8 17. Rab1 Rb8 18. Qg4 Re6 19. f4 Rg6 20. Qf3 Bb6 21. Bc1
b4 22. f5 Nxe5 23. Qe2 Rf6 24. Qxe5 bxc3 25. Bg5 Qe8 26. Qxe8+ Rxe8 27. Bxf6
gxf6 28. Nf3 Re4 29. Rbc1 Rf4 30. Kh1 Rxf5 31. Rxc3 Bxd4 32. Rxc7 Bb6 33. Rd7
Kf8 34. Rd1 Ke8 35. R1xd5 Rf4 36. Rd1 Ra4 37. Nd4 Kxd7 38. Nb5+ Ke8 39. Nd6+
Kf8 40. Re1 Rxa2 41. Nf5 a5 42. Rb1 Bc7 43. Rc1 Bd8 44. Rc8 Ke8 45. Rc1 a4 46.
Nd6+ Kf8 47. Nb5 Rb2 48. Nc3 a3 49. Ra1 Rb3 50. Nd5 Kg7 51. Kg1 Rd3 52. Nb4 Be7
53. Nxd3 Kg6 54. g4 Bd6 55. Kg2 f5 56. gxf5+ Kxf5 57. Kf3 Kg5 58. Ne1 Kh4 59.
Nc2 Kxh3 60. Rh1+ Bh2 61. Nxa3 f5 62. Nc2 f4 63. Nd4 h5 64. Ne2 h4 65. Ng1# 1-0

[Event "DEM U12w 2022"]
[Site "Willingen GER"]
[Date "2022.06.08"]
[Round "6"]
[White "John, Linnea"]
[Black "Milman, Sophie"]
[Result "0-1"]
[Termination "normal"]
[Board "15"]
[WhiteElo "1306"]
[BlackElo "1202"]
[PlyCount "106"]
[WhiteFideId "34623680"]
[BlackFideId "34608885"]
[EventCountry "GER"]
[EventRounds "9"]
[EventType "swiss"]
[EventDate "2022.06.04"]

1. e4 c5 2. Nc3 Nc6 3. f4 g6 4. Nf3 Bg7 5. Bb5 Nd4 6. O-O e6 7. d3 b6 8. Be3
Ne7 9. Ba4 O-O 10. Qe1 d6 11. Qh4 Bd7 12. Bxd4 cxd4 13. Bxd7 dxc3 14. Ba4 cxb2
15. Rab1 Rc8 16. Bb3 Nc6 17. Qf2 b5 18. Rfe1 Bc3 19. Re2 a5 20. a4 b4 21. Kh1
Rb8 22. Ng5 h6 23. Nf3 Qb6 24. Qh4 Kg7 25. Nd2 Rfd8 26. Nc4 Qa7 27. Nxb2 Bxb2
28. Rxb2 Nd4 29. Rd2 Nxb3 30. cxb3 Rdc8 31. h3 Rc1+ 32. Kh2 Qg1+ 33. Kg3 Rbc8
34. Rf2 Qe1 35. Rbe2 Qc3 36. Re3 Qxb3 37. Qe7 Qxa4 38. Qxd6 b3 39. Qe5+ Kg8 40.
Qb2 R8c2 41. Rxc2 Rxc2 42. Qe5 b2 43. Qb8+ Kh7 44. Qf8 Qd7 45. Qb8 Qc8 46. Qb3
a4 47. Qxa4 b1=Q 48. Qa7 Qbb7 49. Qd4 Qb2 50. Qxb2 Rxb2 51. Kf3 Qc2 52. g3 h5
53. h4 Qf2# 0-1

[Event "DEM U12w 2022"]
[Site "Willingen GER"]
[Date "2022.06.08"]
[Round "6"]
[White "Janssen, Mareike"]
[Black "Zhou, Jenny"]
[Result "0-1"]
[Termination "normal"]
[Board "16"]
[WhiteElo "1022"]
[BlackElo "1272"]
[PlyCount "154"]
[WhiteFideId "34607145"]
[BlackFideId "16280229"]
[EventCountry "GER"]
[EventRounds "9"]
[EventType "swiss"]
[EventDate "2022.06.04"]

1. e4 e5 2. Nf3 Nc6 3. Nc3 Nf6 4. Be2 d5 5. exd5 Nxd5 6. O-O Nxc3 7. bxc3 e4 8.
Ne1 Bd6 9. d3 Bf5 10. h3 O-O 11. Bg4 Bxg4 12. Qxg4 f5 13. Qe2 Re8 14. dxe4 fxe4
15. Rb1 Rb8 16. Qg4 Qf6 17. Bb2 Be5 18. Bc1 Bxc3 19. Bf4 Ne5 20. Bxe5 Bxe5 21.
Qd1 Rbd8 22. Qe2 Qf7 23. Rxb7 Qxa2 24. Qe3 Bd4 25. Qb3+ Qxb3 26. cxb3 c6 27.
Rb4 Rf8 28. Nc2 c5 29. Ra4 Rd7 30. b4 cxb4 31. Rxb4 Rfd8 32. Re1 Bc3 33. Rexe4
Bxb4 34. Rxb4 Rd1+ 35. Kh2 R1d2 36. Na3 Rxf2 37. Ra4 Rdd2 38. Kg3 Rxg2+ 39. Kf3
Rg6 40. Rxa7 Rd3+ 41. Ke4 Rxh3 42. Ra8+ Kf7 43. Ra7+ Kf6 44. Ra6+ Kg5 45. Ra5+
Kh6 46. Nb1 Rg4+ 47. Kf5 Rh5+ 48. Kxg4 Rxa5 49. Nc3 g5 50. Ne2 Ra4+ 51. Kg3 g4
52. Nf4 Kg5 53. Ne6+ Kf5 54. Ng7+ Kg6 55. Ne6 h5 56. Nf4+ Kf5 57. Nxh5 Kg5 58.
Ng7 Ra3+ 59. Kg2 g3 60. Ne6+ Kg4 61. Nd4 Ra2+ 62. Kg1 Kh3 63. Nb3 Rb2 64. Kf1
g2+ 65. Kg1 Rb1+ 66. Kf2 g1=Q+ 67. Ke2 Qg2+ 68. Kd3 Rxb3+ 69. Kc4 Qc2+ 70. Kd4
Rd3+ 71. Ke4 Qe2+ 72. Kf4 Rf3+ 73. Kg5 Qg2+ 74. Kh5 Qg4+ 75. Kh6 Rf6+ 76. Kh7
Qg6+ 77. Kh8 Rf8# 0-1

[Event "DEM U12w 2022"]
[Site "Willingen GER"]
[Date "2022.06.08"]
[Round "6"]
[White "Zhou, Leyi Charlotte"]
[Black "Le, Thao-Linh"]
[Result "1-0"]
[Termination "normal"]
[Board "17"]
[WhiteElo "1315"]
[BlackElo "1093"]
[PlyCount "97"]
[WhiteFideId "16258100"]
[BlackFideId "16279131"]
[EventCountry "GER"]
[EventRounds "9"]
[EventType "swiss"]
[EventDate "2022.06.04"]

1. e4 e5 2. Nf3 Nf6 3. Nxe5 d6 4. Nf3 Nxe4 5. Nc3 Nxc3 6. dxc3 Be7 7. Bf4 Nc6
8. Bc4 Be6 9. Bxe6 fxe6 10. Qd2 Qd7 11. O-O-O O-O-O 12. Kb1 h6 13. Rhe1 g5 14.
Be3 e5 15. g3 Qe6 16. Ng1 g4 17. f4 exf4 18. Bd4 Ne5 19. gxf4 Bh4 20. Re2 c5
21. fxe5 cxd4 22. exd6 Qxd6 23. cxd4 Rhf8 24. Re4 Rf2 25. Qc3+ Kb8 26. Rxg4 Qf6
27. a3 Rc8 28. Qh3 Qf5 29. Rd3 Rf1+ 30. Ka2 Qe6+ 31. d5 Qe1 32. Qxh4 Rxg1 33.
Qxe1 Rxe1 34. d6 b5 35. d7 Rd8 36. Rh4 Re6 37. a4 a6 38. axb5 axb5 39. Rh5 Rb6
40. Rdd5 Kc7 41. Rxb5 Rxb5 42. Rxb5 Rxd7 43. Rh5 Rd2 44. Rxh6 Rxc2 45. h4 Rh2
46. h5 Kd7 47. Rh7+ Ke6 48. h6 Kf6 49. Ra7 1-0

[Event "DEM U12w 2022"]
[Site "Willingen GER"]
[Date "2022.06.08"]
[Round "6"]
[White "Mader, Theresa"]
[Black "Mo, Keyou"]
[Result "0-1"]
[Termination "normal"]
[Board "18"]
[WhiteElo "1339"]
[BlackElo "1150"]
[PlyCount "78"]
[WhiteFideId "34605657"]
[BlackFideId "34623582"]
[EventCountry "GER"]
[EventRounds "9"]
[EventType "swiss"]
[EventDate "2022.06.04"]

1. d4 d5 2. c4 c6 3. Nc3 Nf6 4. Nf3 Bg4 5. Bg5 Nbd7 6. e3 e6 7. h3 Bh5 8. Be2
Bd6 9. O-O O-O 10. c5 Bc7 11. Nd2 Bxe2 12. Nxe2 b6 13. b4 Re8 14. Ng3 a5 15. a3
e5 16. Nh5 g6 17. Nxf6+ Nxf6 18. Qf3 Re6 19. Bxf6 Rxf6 20. Qg4 Qe7 21. Rfe1
axb4 22. axb4 Re8 23. Nf3 e4 24. Nd2 Rf5 25. Qe2 Qh4 26. Ra7 Bb8 27. Rb7 b5 28.
Rb6 Rc8 29. Ra1 Qe7 30. Nb3 Kg7 31. Kh1 Ba7 32. Rba6 Bb8 33. Rb6 Qc7 34. g3 Re8
35. Qg4 Rxf2 36. Rb1 Rf3 37. Re1 Rxg3 38. Qh4 Rxe3 39. Qf2 Rxe1+ 0-1

[Event "DEM U12w 2022"]
[Site "Willingen GER"]
[Date "2022.06.08"]
[Round "6"]
[White "Abram, Kristina-Maria"]
[Black "Nalam, Mokshadha"]
[Result "1/2-1/2"]
[Termination "normal"]
[Board "19"]
[WhiteElo "1044"]
[BlackElo "1185"]
[PlyCount "145"]
[WhiteFideId "16298349"]
[BlackFideId "34623566"]
[EventCountry "GER"]
[EventRounds "9"]
[EventType "swiss"]
[EventDate "2022.06.04"]

1. e4 e5 2. d4 exd4 3. Qxd4 Nc6 4. Qe3 Nf6 5. Nc3 Be7 6. Bc4 Nb4 7. Bb3 O-O 8.
Bd2 Re8 9. O-O-O a5 10. a3 Nc6 11. h3 Na7 12. g4 b5 13. a4 b4 14. Na2 c5 15.
Ne2 d5 16. exd5 Nxd5 17. Qf3 Be6 18. Nf4 Nxf4 19. Bxf4 Qb6 20. Rhe1 Rac8 21.
Qe3 Bf6 22. Rd6 Rc6 23. Bxe6 Rxe6 24. Rxc6 Qxc6 25. Qd2 Rxe1+ 26. Qxe1 Qxa4 27.
Bd2 h6 28. Kb1 c4 29. Qe3 Qd7 30. Qf4 Bg5 31. Qb8+ Kh7 32. Bxg5 hxg5 33. Qe5
Qd1+ 34. Nc1 b3 35. Qf5+ Kg8 36. cxb3 cxb3 37. Qd3 Qxd3+ 38. Nxd3 Nc6 39. Nc5
Nd4 40. Kc1 Ne6 41. Nxb3 a4 42. Nd2 Nf4 43. Ne4 f6 44. Kc2 Nxh3 45. f3 Kf7 46.
Kc3 Ng1 47. Nd2 Ke6 48. Kb4 f5 49. gxf5+ Kxf5 50. Kxa4 Kf4 51. b4 Nxf3 52. Nxf3
Kxf3 53. b5 g4 54. b6 g3 55. b7 g2 56. b8=Q g1=Q 57. Qb7+ Kf2 58. Qf7+ Ke2 59.
Qh5+ Kd3 60. Qf5+ Kc4 61. Qc2+ Kd5 62. Qb3+ Ke4 63. Qe6+ Kf3 64. Qf7+ Ke4 65.
Qe6+ Kd3 66. Qb3+ Ke4 67. Qe6+ Kf3 68. Qf5+ Kg2 69. Qg4+ Kh1 70. Qh4+ Kg2 71.
Qe4+ Kf2 72. Qd4+ Kf1 73. Qd1+ 1/2-1/2

[Event "DEM U12w 2022"]
[Site "Willingen GER"]
[Date "2022.06.08"]
[Round "6"]
[White "Rössling, Laura Marie"]
[Black "Fomenkova, Elina"]
[Result "1-0"]
[Termination "normal"]
[Board "20"]
[WhiteElo "1063"]
[BlackElo "933"]
[PlyCount "99"]
[WhiteFideId "16289471"]
[BlackFideId "34623760"]
[EventCountry "GER"]
[EventRounds "9"]
[EventType "swiss"]
[EventDate "2022.06.04"]

1. e4 e5 2. Nf3 Nf6 3. d3 d5 4. exd5 Qxd5 5. Nc3 Qd6 6. d4 Nc6 7. Be3 Bg4 8.
Nb5 Qd7 9. dxe5 Qxd1+ 10. Rxd1 Bd6 11. Nxd6+ cxd6 12. exf6 gxf6 13. Bb5 O-O-O
14. Bxc6 bxc6 15. Bxa7 Rhe8+ 16. Be3 d5 17. O-O Rg8 18. Kh1 Rg6 19. Nh4 Bxd1
20. Nxg6 Bxc2 21. Ne7+ Kd7 22. Rc1 Bd3 23. Rc3 Bb5 24. Nf5 Bc4 25. b3 Be2 26.
Nd4 Bb5 27. Nxb5 cxb5 28. Rc5 Ke6 29. Rxb5 d4 30. Rb6+ Kf5 31. Rb5+ Kg6 32. Bd2
d3 33. a4 Rc8 34. Rd5 Rc2 35. Rxd3 Rb2 36. h3 Rb1+ 37. Kh2 Rf1 38. f3 h5 39. b4
h4 40. a5 Rf2 41. a6 Re2 42. b5 Re7 43. b6 Re6 44. b7 Rxa6 45. b8=Q Ra5 46.
Bxa5 Kh6 47. Qf8+ Kh5 48. Qxf7+ Kg5 49. Bd2+ Kf5 50. Rd5# 1-0

[Event "DEM U12w 2022"]
[Site "Willingen GER"]
[Date "2022.06.08"]
[Round "6"]
[White "Ignatova, Gabriela"]
[Black "Altmeyer, Hannah"]
[Result "1-0"]
[Termination "normal"]
[Board "21"]
[WhiteElo "1170"]
[BlackElo "754"]
[PlyCount "89"]
[WhiteFideId "34623698"]
[BlackFideId "34623892"]
[EventCountry "GER"]
[EventRounds "9"]
[EventType "swiss"]
[EventDate "2022.06.04"]

1. e4 e5 2. Nf3 Nc6 3. Bc4 Bc5 4. d4 exd4 5. Ng5 Qe7 6. Bxf7+ Kd8 7. Bd5 d6 8.
Nf7+ Kd7 9. O-O Nf6 10. Nxh8 Nxd5 11. exd5 Ne5 12. Bf4 Qe8 13. Bxe5 dxe5 14.
Qg4+ Kd6 15. Qxg7 Bf5 16. Qf6+ Kxd5 17. Qxf5 Qxh8 18. c3 Qf8 19. Qxf8 Bxf8 20.
cxd4 Kxd4 21. Rd1+ Ke4 22. Nc3+ Kf5 23. h3 Bb4 24. Rd7 Ba5 25. Rad1 Rg8 26.
Rxh7 Bb6 27. Kf1 Rf8 28. Ke2 Kg5 29. f3 Kf4 30. h4 c6 31. h5 Bd8 32. Rdd7 Bf6
33. Rdf7 Rxf7 34. Rxf7 Kf5 35. g4+ Kg5 36. Ne4+ Kh4 37. Nxf6 Kg5 38. Nh7+ Kh4
39. Rg7 Kg3 40. h6 Kh3 41. Ng5+ Kg3 42. h7 Kf4 43. h8=Q Kg3 44. Qh3+ Kf4 45.
Qh2# 1-0